| 000 | 00483nam a2200181Ia 4500 | ||
|---|---|---|---|
| 001 | 9498 | ||
| 005 | 20260306161722.0 | ||
| 008 | 260306t1997||||xx |||||||||||||| ||spa|| | ||
| 041 | _aESP | ||
| 082 |
_a379.85 _bB22 |
||
| 100 |
_aEstudio del Banco Mundial _eAUT |
||
| 245 | 0 |
_aPerú. La educación en una encrucijada: _bretos y oportunidades para el siglo XXI |
|
| 260 | _c1997 | ||
| 300 |
_a291 páginas, : _c28 cm. |
||
| 650 | _aGEN | ||
| 654 | _aCED | ||
| 942 |
_cLIB _dJUS _fJUS _2ddc _n |
||
| 999 |
_c9498 _d9498 |
||